000 00579nam a22002297a 4500
003 UA-OsUOA
001 90655
007 ta
008 20121119b un ||||| |||| 00| 0 ukr d
100 _aМушкетик Ю.
090 _a821.161.2
_bМ93
942 _cBK
040 _aUA-OsUOA
_bukr
_cUA-OsUOA
_dUA-OsUOA
245 _aТвори
_bв 2-х т.
_n1
300 _a459 с.
955 _a3
041 _aukr
080 _a821.161.2
260 _aК.
_bДніпро
_c1979
650 7 _a82 Література. Літературознавство
_2UDC
999 _c376932
_d376932